000 01161nab a2200217 i 4500
001 768714001
003 CO-MdFUSB
005 20240609121113.0
008 240529t1973 ag ||||| |||| 00| 0 spa d
040 _bspa
_cCO-MdFUSB
_dCO-MdFUSB
041 _aspa
100 _aCalhoun, Adele Ahlberg,
_d1949-
_eautor
245 _aSímbolo y forma en la comunicación del evangelio
_c/ Adele Ahlberg Calhoun
520 _aEl Espíritu Santo da evidencia concreta de nuestra fe a través del símbolo y la forma. Como cristianos, estamos llamados a ayudar a otros a entrar en contacto con la realidad espiritual, pero a ayudarlos no sólo a través de la argumentación lógica o la elocuencia persuasiva, sino también abriendo amplias ventanas de percepción para que puedan ver, contemplar y tocar el reino de Dios
650 0 _aHermeneútica
_xAspectos religiosos
_xCristianismo.
_91682
650 0 _aEvangelización
_9362
650 7 _aFe
_9531
773 0 _069974
_982716
_dBuenos Aires
_oR2608
_tCerteza
_w(CO-MdFUSB)768714001
_gNúmero 50, (abril - junio, 1973) páginas: 36 - 38
_qpágina: 36
942 _cANA
945 _aCatherine Arias Álvarez - Practicante SENA
999 _c69986
_d69986